000 01895nam a2200361 c 4500
003 BLK
005 20180422102802.0
008 180408b bul|||||r ||||||| ||bul||
010 _aKNG00070119000
020 _a954-535-415-1
_bиздат.: Нов бълг. унив.
040 _aBLK
041 _aBUL
_cBUL
080 _aТуризмът от стопанско гледище. Политика по отношение на туризма. Икономика и организация на туризма. Вътрешен и международен туризъм. Вж и 379.8
_b338.48
_x(075.8)
_z338.48(075.8)
080 _aМетоди на управление. Мениджмънт. Анализи, планиране, ръководство, сътрудничество, контрол, коопериране и др.
_b005.5
_x
_z005.5
100 1 _aМихайлов, Михаил Евтимов
_eпърви автор
_9370583
700 1 _aМелнишка, Мариана Христова
_eред.
_gЕкимова-Мелнишка, Мариана Христова
_9366842
139 _aМихайлов, Михаил Евтимов
_bМ 74
245 1 0 _aСтратегическо управление на туризма
_cМихаил Евтимов Михайлов; ред. Мариана Христова Мелнишка.
257 _aBGR
260 София
_bНов бълг. унив.
_c2005
300 _a248 с.
_bс табл., сх.
_c24 см
380 _a3
500 _aБиблиогр. с. 246-248.
650 4 _aТуризъм - икономика и организация
_9263794
653 _aтуризъм
653 _aикономика
653 _aуправление
852 _aЦб 230486
856 4 _qpdf
_u
856 4 _qpdf
_u
942 _cKNG
_n0
944 _aCR
_c19.12.2006
_kКети_Илиева
944 _aED
_c15.12.2015
_kВиолета_Тройчева
999 _c65837
_d65837